Joint Memorandum To Parliament By The Hon. Minister for Water Resources, Works And Housing And Hon. Minister For Finance For A Loan Agreement For The Construction And Rehabilitation Of Damongo Water Supply System 2016. (Record no. 2971)

MARC details
000 -LEADER
fixed length control field 00728nam a2200145Ia 4500
008 - FIXED-LENGTH DATA ELEMENTS--GENERAL INFORMATION
fixed length control field 240429s9999||||xx |||||||||||||| ||und||
041 ## - LANGUAGE CODE
Language code of text/sound track or separate title eng
082 ## - DEWEY DECIMAL CLASSIFICATION NUMBER
Classification number PM/DWSS/16
100 ## - MAIN ENTRY--PERSONAL NAME
Personal name Parliament of Ghana
245 #0 - TITLE STATEMENT
Title Joint Memorandum To Parliament By The Hon. Minister for Water Resources, Works And Housing And Hon. Minister For Finance For A Loan Agreement For The Construction And Rehabilitation Of Damongo Water Supply System 2016.
300 ## - PHYSICAL DESCRIPTION
Extent 7p:tabs
650 ## - SUBJECT ADDED ENTRY--TOPICAL TERM
Topical term or geographic name entry element Joint Memorandum To Parliament By The Hon. Minister for Water Resources, Works And Housing - And Hon. Minister For Finance For A Loan Agreement For The Construction And Rehabilitation - Of Damongo Water Supply System 2016.
942 ## - ADDED ENTRY ELEMENTS (KOHA)
Koha item type Memorandum
Holdings
Withdrawn status Lost status Damaged status Not for loan Home library Current library Shelving location Date acquired Total checkouts Full call number Date last seen Copy number Price effective from Koha item type
        Main Library Main Library Reference 18/04/2023   PM/DWSS/16 5699 C2 - PM/DWSS/16 5693 C1 29/04/2024 1 29/04/2024 Memorandum
©2026  Parliament of Ghana Library - All rights reserved